000 00466nam a2200181Ia 4500
001 18478
005 20260306171633.0
008 260306s9999||||xx |||||||||||||| ||und||
041 _aESP
082 _a658.406
_bD95
100 _aDrucker, Peter Ferdinand, 1909-2005
_eAUT
245 0 _aLa administración en una época de grandes cambios
260 _c1996
300 _a251 páginas :
_c20 cm.
650 _aGEN
654 _aCAN
942 _cLIB
_dJUS
_fJUS
_2ddc
_n
999 _c18478
_d18478